| Tag |
First Indicator |
Second Indicator |
Subfields |
| LEADER |
00000cam a22000001i 4500 |
| 001 |
in00003984621 |
| 006 |
m d f |
| 007 |
cr bn mmmapmmp |
| 008 |
391025s1939 dcu o f000 0 eng d |
| 005 |
20250210233554.3 |
| 035 |
|
|
|a ebd19331133816
|
| 040 |
|
|
|a UMI
|c UMI
|e rda
|d UtOrBLW
|
| 086 |
0 |
|
|a I 28.28:762
|
| 099 |
|
|
|a I28.28..762
|
| 110 |
1 |
|
|a United States.
|b Bureau of Mines.
|0 http://id.loc.gov/authorities/names/n79063444
|
| 245 |
1 |
0 |
|a Mineral market reports, Aug. 15, 1939.
|
| 264 |
|
1 |
|a [Washington] :
|b [s.n.],
|c 1939.
|
| 300 |
|
|
|a 1 online resource (4 pages), digital, PDF file
|
| 336 |
|
|
|a text
|b txt
|2 rdacontent
|
| 337 |
|
|
|a computer
|b c
|2 rdamedia
|
| 338 |
|
|
|a online resource
|b cr
|2 rdacarrier
|
| 533 |
|
|
|a Electronic reproduction.
|b [Bethesda, Md.] :
|c ProQuest,
|d 2017
|e digital, PDF file.
|n ProQuest U.S. Executive Branch Documents
|n Mode of access: World Wide Web via ProQuest website.
|
| 588 |
|
|
|a Record is based on online resource; title from PDF title page (ProQuest, last viewed Feb. 2017). Reuse except for individual research requires license from ProQuest, LLC.
|
| 650 |
|
0 |
|a Mineral industries.
|0 http://id.loc.gov/authorities/subjects/sh85085548
|
| 650 |
|
0 |
|a Scrap metal industry.
|0 http://id.loc.gov/authorities/subjects/sh85118924
|
| 650 |
|
0 |
|a Mica.
|0 http://id.loc.gov/authorities/names/n91054427
|
| 856 |
4 |
0 |
|u http://proxy.library.tamu.edu/login?url=http://congressional.proquest.com/congressional/docview/t66.d71.i28.28..762?
|y Electronic resource (PDF)
|t 0
|
| 999 |
f |
f |
|s 7d90e9a2-fa8e-303c-98ca-b3f86dc1b2e8
|i d20c5e91-219d-30bd-b4e5-80799d7a50ab
|t 0
|
| 952 |
f |
f |
|a Texas A&M University
|b College Station
|c Electronic Resources
|d Available Online
|t 0
|h No information provided
|
| 998 |
f |
f |
|t 0
|l Available Online
|